000 00500cam a2200205ua 4500
001 7348
005 20260515114211.0
008 141209n ii |||gr||||Z||||||ben
040 _cMAIN
041 _aben
082 _a891.444
100 _aMitra, D.,
_eEditor.
245 _aSitar Banbash
_cEdited by Dilipkumar Mitra
250 _a1st.
260 _aCalcutta:
_bModern,
_c2002.
300 _a129p.
653 _aEast Indo-European & Celtic literatures
653 _aBengali essays
942 _cBK
999 _c6468
_d6468